000 00578nam a2200181Ia 4500
008 151202s9999||||xx |||||||||||||| ||und||
082 _bPNVM-64691
100 _aपोरे सुरेश.
245 _aचांदण्यतील धग.
260 _b"योगिता प्रकाशन, पुणे."
260 _c2006
300 _a168
600 _aपोरे सुरेश.
630 _aचांदण्यतील धग.
700 _aपोरे सुरेश.
730 _aचांदण्यतील धग.
942 _cBOOK
999 _c1331224
_d1331221